=LDR 00000nam 2200000 4500 =001 INLIS000000000047091 =005 20150804160432.0 =006 =007 =008 =035 ##$$0010-081500000000005 =082 ##$$a 2x4 =090 ##$$a 2x4 zar t =100 ##$$a Syaikh Az-Zarnuji =245 ##$$a Terjemahan Talim Mutaallim =260 ##$$a Surabaya $b Mutiara ilmu =300 ##$$a 104 hlm $c 21 cm =850 ##$$aNBPNMAT =990 ##$$a 2090101254/BPAP-NTB/2015